| 000 | 01101nam a22003017a 4500 | ||
|---|---|---|---|
| 999 |
_c12755 _d12755 |
||
| 003 | EG-ScBUE | ||
| 005 | 20210210125118.0 | ||
| 008 | 090820s2004 ua f 000 j ara d | ||
| 017 | _a2004/4750 | ||
| 020 | _a9773056961 | ||
| 040 |
_aEG-ScBUE _bara _erda _cEG-ScBUE _dEG-ScBUE |
||
| 082 | 0 | 4 |
_a892.737 _bم ط ا _222 |
| 100 | 1 |
_98744 _aالمطارقي، محمد عبد الظاهر، _eمؤلف. |
|
| 245 | 1 | 2 |
_aالآخرون : _bمجموعة قصصية / _cمحمد عبد الظاهر المطارقي. |
| 246 | 3 | 4 |
_aالآخرون : _bقصص قصيرة |
| 250 | _aالطبعة الأولى. | ||
| 264 | 1 |
_aالقاهرة : _bالهيئة العامة لقصور الثقافة، _c2004. |
|
| 300 |
_a159 صفحة ؛ _c20 سم. |
||
| 336 |
_2rdacontent _aنص _btxt |
||
| 337 |
_2rdamedia _aبدون وسيط _bn |
||
| 338 |
_2rdacarrier _aمجلد _bnc |
||
| 490 | 0 |
_aإبداعات ؛ _v213 |
|
| 650 | 7 |
_98088 _aالقصص العربية القصيرة _zمصر _yقرن 20. _2BUEsh |
|
| 651 | _2BUEsh | ||
| 653 |
_bARALIT _cFebruary2021 |
||
| 655 |
_vReading book _934232 |
||
| 942 |
_2ddc _cBB |
||